000 00261nam a2200109Ia 4500
001 1263946
005 20260417141929.0
008 260417s9999 xx 000 0 und d
020 _a9786255929419
245 0 _aKorku
_cNuri Pakdil
260 _bKetebe Yayınları
999 _c1263946
_d1263946